Ranx 2: Feliz cumpleaños, Lubna.

I tiakina i:
Ngā taipitopito rārangi puna kōrero
Kaituhi matua: Liberatore, Tanino (autor)
Ētahi atu kaituhi: Tamburini, Stefano (autor), Berenguer, Jordi (traducción)
Hōputu: Pukapuka
I whakaputaina: Barcelona, España: La Cúpula, 1997.
Putanga:4a. edición.
Rangatū:Vibora Comix.
Ngā marau:
Ngā Tūtohu: Tāpirihia he Tūtohu
Kāore He Tūtohu, Me noho koe te mea tuatahi ki te tūtohu i tēnei pūkete!

MARC

LEADER 00000nam a22000007a 4500
003 CL-VaPUC
005 20250407202502.0
008 250324t2001 ||||| |||| 00| 0 eng d
999 |c 447643  |d 447641 
020 |a 84-7833-217-0 
040 |c Pontificia Universidad Católica de Valparaíso 
082 |a 741.5 LIB 1997 
100 |9 897484  |a Liberatore, Tanino  |e autor 
245 |a Ranx 2:  |b Feliz cumpleaños, Lubna. 
250 |a 4a. edición. 
260 |a Barcelona, España:  |b La Cúpula,  |c 1997. 
300 |a 44 páginas:  |b ilustraciones. 
490 |a Vibora Comix. 
500 |a c.1. Instituto Arcos.08-01-2025. 
583 |c 20250324  |k Gabriela Rodríguez Cuevas 
650 0 |9 561356  |a Novela gráfica  |x Ciencia Ficción  |z Italia 
650 0 |9 369534  |a Cómics  |x Robots y androides 
700 |9 897485  |a Tamburini, Stefano  |e autor 
700 |9 897487  |a Berenguer, Jordi  |e traducción 
942 |2 ddc  |c BK  |n 0 
952 |0 0  |1 0  |2 ddc  |4 0  |6 741_500000000000000_LIB_1997  |7 0  |8 A  |9 601864  |a BIBINC  |b BIBINC  |d 2025-03-25  |e Instituto Arcos  |i 5666724  |o 741.5 LIB 1997  |p 5666724  |r 2025-03-25  |t 1  |w 2025-03-25  |y BK  |k IFP